ბათუმის შოთა რუსთაველის სახელმწიფო უნივერსიტეტის ბიბლიოთეკა

ოპერაციული ქირურგიის მოკლე სახელმძღვანელო სტომატოლოგიური ინსტიტუტის სტუდენტებისათვის : (ბიბ.ჩანაწერი № 62506)

000 -ლიდერი
ფიქსირებული სიგრძის საკონტროლო ველი 01252nam a22001937a 4500
003 - საკონტროლო ნომრის იდენტიფიკატორი
საკონტროლო ველი Ge_BSU
005 - ბოლო ოპერაციის თარიღი და დრო
საკონტროლო ველი 20241119145624.0
008 - ფიქსირებული სიგრძის მონაცემთა ელემენტები - ზოგადი ინფორმაცია
ფიქსირებული სიგრძის საკონტროლო ველი 241119s1940 ge ||||| |||| 00| 0 geo d
041 ## - ენის კოდი
Language code of text/sound track or separate title geo
080 ## - უნივერსალური ათობითი კლასიფიკაციის ინდექსი
Universal Decimal Classification number 616-089(075.8) დ-92
100 ## - მთავარი ჩანაწერი - პიროვნების სახელი
Personal name დემეტრაძე, ნ.ი.
9 (RLIN) 23746
245 ## - ცნობა სათაურის შესახებ
Title ოპერაციული ქირურგიის მოკლე სახელმძღვანელო სტომატოლოგიური ინსტიტუტის სტუდენტებისათვის :
Remainder of title წ. 1, ზოგადი ნაწილი : მთავარი სისხლ-ძარღვების გადასკვნა. ლაპაროტომია. ჰერნიოლოგია /
Statement of responsibility, etc ნ.ი. დემეტრაძე.
264 ## - წარმოების, გამოცემის, დისტრიბუციის და სხვა ცნობები
გამოცემის, წარმოების, დისტრიბუციის... ადგილი თბილისი :
გამოცემის, წარმოების, დისტრიბუციის... სახელწოდება საქმედგამი,
გამოცემის, წარმოების, დისტრიბუციის... თარიღი 1940.
300 ## - ფიზიკური აღწერა
Extent 119 გვ. :
Other physical details ილ.
Dimensions 20 სმ.
653 ## - INDEX TERM--UNCONTROLLED
Uncontrolled term ოპერაციული ქირურგია
653 ## - INDEX TERM--UNCONTROLLED
Uncontrolled term მთავარი სისხლ-ძარღვების გადასკვნა. ლაპაროტომია. ჰერნიოლოგია.
653 ## - INDEX TERM--UNCONTROLLED
Uncontrolled term მედიცინა
942 ## - ADDED ENTRY ELEMENTS (KOHA)
Source of classification or shelving scheme
Koha item type წიგნი
ეგზემპლარები
ჩამოწერის სტატუსი დაკარგული ეგზემპლარის სტატუსი კლასიფიკაციის წყარო ან თაროზე გაწყობის სქემა დაზიანების სტატუსი არ გაიცემა მუდმივი მდებარეობა (დაცვის ადგილი) ამჟამინდელი ადგილსამყოფელი თაროზე განთავსების ადგილი შეძენის თარიღი ღირებულება, შესყიდვის ნორმალური ფასი სრული შენახვის შიფრი შტრიხკოდი ბოლო ოპერაციის თარიღი ეგზემპლარის მიმდევრობითი ნომერი (კეტერი?) ფასის ძალაში შესვლის თარიღი ეგზემპლარის სახეობა საჯარო შენიშვნა
          ბათუმის შოთა რუსთაველის სახელმწიფო უნივერსიტეტის მთავარი ბიბლიოთეკა ბათუმის შოთა რუსთაველის სახელმწიფო უნივერსიტეტის მთავარი ბიბლიოთეკა წიგნსაცავი 2024-11-19 0.00 616-089(075.8) დ-92 69785 2024-11-19 69785 2024-11-19 წიგნი 0,60თ.
          ბათუმის შოთა რუსთაველის სახელმწიფო უნივერსიტეტის მთავარი ბიბლიოთეკა ბათუმის შოთა რუსთაველის სახელმწიფო უნივერსიტეტის მთავარი ბიბლიოთეკა წიგნსაცავი 2024-11-19 0.00 616-089(075.8) დ-92 69786 2024-11-19 69786 2024-11-19 წიგნი 0,60თ.